Teaching and learning through inquiry : (Record no. 1003)

000 -LEADER
fixed length control field 03385cam a22003374a 4500
003 - CONTROL NUMBER IDENTIFIER
control field OSt
005 - DATE AND TIME OF LATEST TRANSACTION
control field 20210623073810.0
008 - FIXED-LENGTH DATA ELEMENTS--GENERAL INFORMATION
fixed length control field 040108s2004 vaua b 001 0 eng
020 ## - INTERNATIONAL STANDARD BOOK NUMBER
International Standard Book Number 1579220800 (hard cover : alk. paper)
020 ## - INTERNATIONAL STANDARD BOOK NUMBER
International Standard Book Number 1579220819 (pbk. : alk. paper)
040 ## - CATALOGING SOURCE
Transcribing agency DLC
042 ## - AUTHENTICATION CODE
Authentication code pcc
050 00 - LIBRARY OF CONGRESS CALL NUMBER
Classification number LB1027
Item number .T43 2004
245 00 - TITLE STATEMENT
Title Teaching and learning through inquiry :
Remainder of title a guidebook for institutions and instructors /
Statement of responsibility, etc. Virginia S. Lee, editor.
250 ## - EDITION STATEMENT
Edition statement 1st ed.
260 ## - PUBLICATION, DISTRIBUTION, ETC.
Place of publication, distribution, etc. Sterling, Va. :
Name of publisher, distributor, etc. Stylus Pub.,
Date of publication, distribution, etc. 2004.
300 ## - PHYSICAL DESCRIPTION
Extent x, 285 p. :
Other physical details ill. ;
Dimensions 23 cm.
504 ## - BIBLIOGRAPHY, ETC. NOTE
Bibliography, etc. note Includes bibliographical references and index.
650 #0 - SUBJECT ADDED ENTRY--TOPICAL TERM
Topical term or geographic name entry element Questioning.
650 #0 - SUBJECT ADDED ENTRY--TOPICAL TERM
Topical term or geographic name entry element Active learning.
650 #0 - SUBJECT ADDED ENTRY--TOPICAL TERM
Topical term or geographic name entry element Critical thinking.
700 1# - ADDED ENTRY--PERSONAL NAME
Personal name Lee, Virginia Snowden.
856 41 - ELECTRONIC LOCATION AND ACCESS
Uniform Resource Identifier http://www.loc.gov/catdir/toc/ecip0413/2004000348.html
906 ## - LOCAL DATA ELEMENT F, LDF (RLIN)
a 7
b cbc
c orignew
d 1
e ecip
f 20
g y-gencatlg
942 ## - ADDED ENTRY ELEMENTS (KOHA)
Source of classification or shelving scheme
Koha item type Book
Suppress in OPAC DO
Holdings
Withdrawn status Lost status Source of classification or shelving scheme Damaged status Not for loan Permanent Location Current Location Shelving location Date acquired Total Checkouts Full call number Barcode Date last seen Price effective from Koha item type Public note
          AU LIBRARY AU LIBRARY Open Shelf 23.06.2021   LB1027 .T43 2004 28000348 23.06.2021 23.06.2021 Book DO

Powered by Koha